| 000 | 01031cas a22002535a 4500 | ||
|---|---|---|---|
| 001 | L129926 | ||
| 008 | 050606c1995 xxkqr p 0 a0eng u | ||
| 022 | 1 | _a1465-105X | |
| 035 | _a(Sirsi) u129926 | ||
| 041 | 0 | _aeng | |
| 110 | 2 |
_aRoyal Institution of Chartered Surveyors _bPublic Affairs _94679 |
|
| 240 | 1 | _aRICS Farmland Price Survey | |
| 240 | 1 | _aRICS Rural Market Survey | |
| 245 | 0 | 0 | _aRICS Rural Land Market Survey Great Britain |
| 260 |
_aLondon _bRICS _c1995- |
||
| 362 | 0 | _aLondon: January/March 1995- | |
| 362 | 0 | _aEdinburgh: July/September 1996- | |
| 520 | _aQuarterly survey of RICS members providing details of farmland prices, reported sales, demand, availability and expected prices nationally. Opinion based data is given for each region and a summary of market comments is provided. | ||
| 554 | _aFour per year | ||
| 650 | _aRICS RURAL LAND MARKET SURVEY GREAT BRITAIN | ||
| 651 | 4 |
_aGreat Britain _y1707- |
|
| 690 | _aPROPERTY-RURAL AND NATURAL ASSETS-RURAL AND NATURAL ASSET MARKET | ||
| 942 | _n0 | ||
| 999 |
_c118802 _d118802 |
||